000 00734nas a2200229 4500
001 BR8001760
003 BR-BrBNA
005 20231205084244.0
007 ta
008 230509b bl.|||p| |||| 00| 00por d
040 _aBR-BrBNA
_bpor
_cBiblioteca Nacional de Agricultura
041 _a(Pt)
072 _aF00
100 1 _aPereira, J. de P.
245 1 _aCapineira: boa alternativa para suplementacao volumosa na epoca seca
650 _aProducao vegetal
650 _aCapineira
650 _aPlantio
773 0 _tInforme Agropecuario - Empresa de Pesquisa Agropecuaria de Minas Gerais (Brazil)
_xISSN 0100-3364
_g(Nov 1980), v. 6(71) p. 45-47
_wBR8001760
909 _a202311
_bLúcia
_c55
_dLúcia Elande
942 _2AGRIS
_n0
_cANA
999 _c104073
_d104073